| 000 | 00777nam a2200277 a 4500 | ||
|---|---|---|---|
| 001 | vtls000102134 | ||
| 003 | NLI | ||
| 005 | 20210601201851.0 | ||
| 008 | 101125s1957 enk d 000 0 eng | ||
| 039 | 9 |
_y201011251138 _zVLOAD |
|
| 040 |
_aNLI _beng _cDataSoft _eAACR2 |
||
| 041 | 0 | _aeng | |
| 044 | _aenk | ||
| 082 | 0 | 4 | _a232.931 |
| 245 | 0 | 2 |
_aA dictionary of Mary / _ccompiled by Donald Attwater |
| 260 |
_aLondon : _bLongmans, Green, _c1957 |
||
| 300 |
_avii, 312 p. ; _c20 cm. |
||
| 600 | 0 | 0 |
_aMary _9120900 |
| 650 | 0 |
_aDictionaries, Polyglot _9101225 |
|
| 700 | 1 |
_aAttwater, Donald, _4com _9119220 |
|
| 887 | _a | ||
| 901 |
_a370494 _b16.01.1965 |
||
| 902 | _aE232.931 At88d | ||
| 949 |
_AVIRTUAITEM _D10000 _X100 _6PUR000370494ENG |
||
| 942 |
_2ddc _cBKS |
||
| 999 |
_aVIRTUA00 _c106910 _d106910 |
||